Dynamics of state politics: Kerala (Record no. 342186)

000 -LEADER
fixed length control field 00370cam a22001217a 4500
008 - FIXED-LENGTH DATA ELEMENTS--GENERAL INFORMATION
fixed length control field 180718b1986 xxu||||| |||| 00| 0 eng d
082 ## - DEWEY DECIMAL CLASSIFICATION NUMBER
Classification number F5x5453 C361
245 ## - TITLE STATEMENT
Title Dynamics of state politics: Kerala
Statement of responsibility, etc. edited by N. Jose Chander
260 ## - PUBLICATION, DISTRIBUTION, ETC.
Place of publication, distribution, etc. New Delhi
Name of publisher, distributor, etc. Sterling
Date of publication, distribution, etc. 1986
300 ## - PHYSICAL DESCRIPTION
Extent 224p.
650 ## - SUBJECT ADDED ENTRY--TOPICAL TERM
Topical term or geographic name entry element Kerala (India) --Politics and government
700 ## - ADDED ENTRY--PERSONAL NAME
Personal name Chander, N. Jose
Holdings
Withdrawn status Lost status Damaged status Not for loan Permanent Location Current Location Date acquired Full call number Barcode Date last seen Price effective from Koha item type
        Indian Institute of Public Administration Indian Institute of Public Administration 1993-09-21 F5x5453 C361 62302 2018-07-21 2018-07-21 Book

Powered by Koha